Countries Visited in the MCU - Statistics

General Stats
  • This quiz has been taken 31 times
  • The average score is 35 of 51
Answers on the Map
Answers color-coded by a green-red scale on the quiz's map according to % correct below.
 
Answer Stats
# of Projects Country % Correct
2 Canada
100%
50 United States of America
100%
6 Germany
97%
7 Mexico
97%
5 Russia
97%
12 United Kingdom
97%
2 Brazil
94%
4 China
94%
4 Japan
94%
3 France
90%
3 Italy
84%
1 Argentina
81%
2 Australia
81%
1 Denmark (Greenland)
81%
2 Egypt
81%
4 India
81%
2 South Korea
81%
1 Greece
77%
7 Norway
77%
1 Iraq
74%
1 Turkey
74%
5 Austria
71%
1 Netherlands
71%
1 Poland
71%
1 Romania
71%
1 South Africa
71%
1 Afghanistan
68%
1 Morocco
68%
3 Switzerland
68%
3 Nigeria
65%
3 Pakistan
65%
1 Peru
65%
1 Cuba
61%
1 Czech Republic
61%
1 Finland
58%
1 Haiti
58%
1 Hungary
58%
1 Mongolia
58%
1 Libya
55%
1 Sudan
55%
1 Latvia
52%
1 Malaysia
52%
4 Nepal
52%
1 Tunisia
52%
1 Ethiopia
48%
1 Monaco
48%
1 Mali
45%
2 Yemen
45%
1 Lithuania
42%
1 Guatemala
39%
1 Cape Verde
23%
No matching quizzes found
Score Distribution
Percent of People with Each Score
Percentile by Number Answered
Your Score History
You have not taken this quiz